Excellence without a soul : (Record no. 130)

000 -LEADER
fixed length control field 02068cam a22004574a 4500
001 - CONTROL NUMBER
control field 14267007
003 - CONTROL NUMBER IDENTIFIER
control field OSt
005 - DATE AND TIME OF LATEST TRANSACTION
control field 20210416054827.0
008 - FIXED-LENGTH DATA ELEMENTS--GENERAL INFORMATION
fixed length control field 060215s2006 nyua b 001 0 eng
010 ## - LIBRARY OF CONGRESS CONTROL NUMBER
LC control number 2006002732
020 ## - INTERNATIONAL STANDARD BOOK NUMBER
International Standard Book Number 1586483935 (alk. paper)
020 ## - INTERNATIONAL STANDARD BOOK NUMBER
International Standard Book Number 9781586483937
035 ## - SYSTEM CONTROL NUMBER
System control number (OCoLC)ocm64484776
035 ## - SYSTEM CONTROL NUMBER
System control number (OCoLC)64484776
040 ## - CATALOGING SOURCE
Original cataloging agency DLC
Transcribing agency DLC
Modifying agency BAKER
-- C#P
-- IXA
-- YBM
-- YDXCP
-- VP@
-- OCLCQ
-- DLC
042 ## - AUTHENTICATION CODE
Authentication code pcc
043 ## - GEOGRAPHIC AREA CODE
Geographic area code n-us---
-- n-us-ma
050 00 - LIBRARY OF CONGRESS CALL NUMBER
Classification number LA227.4
Item number .L49 2006
080 ## - UNIVERSAL DECIMAL CLASSIFICATION NUMBER
Universal Decimal Classification number 37
Item number L-63
082 00 - DEWEY DECIMAL CLASSIFICATION NUMBER
Classification number 378.73
Edition number 22
082 00 - DEWEY DECIMAL CLASSIFICATION NUMBER
Classification number 378.744/4
Edition number 22
100 1# - MAIN ENTRY--PERSONAL NAME
Personal name Lewis, Harry R.
245 10 - TITLE STATEMENT
Title Excellence without a soul :
Remainder of title how a great university forgot education /
Statement of responsibility, etc. Harry R. Lewis.
250 ## - EDITION STATEMENT
Edition statement 1st ed.
260 ## - PUBLICATION, DISTRIBUTION, ETC.
Place of publication, distribution, etc. New York :
Name of publisher, distributor, etc. PublicAffairs,
Date of publication, distribution, etc. c2006.
300 ## - PHYSICAL DESCRIPTION
Extent xiv, 305 p. :
Other physical details ill. ;
Dimensions 25 cm.
365 ## - TRADE PRICE
Price amount 26 usd
504 ## - BIBLIOGRAPHY, ETC. NOTE
Bibliography, etc. note Includes bibliographical references (p. 269-294) and index.
505 0# - FORMATTED CONTENTS NOTE
Formatted contents note Hollow excellence -- Choice and direction -- Meritocracy and citizenship -- Contact, competition, cooperation -- The eternal enigma: advising -- Why grades go up -- Evaluation is educational -- Independence, responsibility, rape -- Students and money -- College athletes and money.
610 20 - SUBJECT ADDED ENTRY--CORPORATE NAME
Corporate name or jurisdiction name as entry element Harvard University.
650 #0 - SUBJECT ADDED ENTRY--TOPICAL TERM
Topical term or geographic name entry element Education, Higher
General subdivision Aims and objectives
Geographic subdivision United States.
650 #0 - SUBJECT ADDED ENTRY--TOPICAL TERM
Topical term or geographic name entry element Universities and colleges
Geographic subdivision United States.
650 #0 - SUBJECT ADDED ENTRY--TOPICAL TERM
Topical term or geographic name entry element Academic achievement
Geographic subdivision United States.
653 ## - INDEX TERM--UNCONTROLLED
Uncontrolled term განათლება
856 41 - ELECTRONIC LOCATION AND ACCESS
Materials specified Table of contents
Uniform Resource Identifier <a href="http://www.loc.gov/catdir/toc/ecip068/2006002732.html">http://www.loc.gov/catdir/toc/ecip068/2006002732.html</a>
856 42 - ELECTRONIC LOCATION AND ACCESS
Materials specified Contributor biographical information
Uniform Resource Identifier <a href="http://www.loc.gov/catdir/enhancements/fy0828/2006002732-b.html">http://www.loc.gov/catdir/enhancements/fy0828/2006002732-b.html</a>
856 42 - ELECTRONIC LOCATION AND ACCESS
Materials specified Publisher description
Uniform Resource Identifier <a href="http://www.loc.gov/catdir/enhancements/fy0828/2006002732-d.html">http://www.loc.gov/catdir/enhancements/fy0828/2006002732-d.html</a>
906 ## - LOCAL DATA ELEMENT F, LDF (RLIN)
a 7
b cbc
c orignew
d 1
e ecip
f 20
g y-gencatlg
942 ## - ADDED ENTRY ELEMENTS (KOHA)
Source of classification or shelving scheme
Koha item type Books
Edition 1
Holdings
Withdrawn status Lost status Source of classification or shelving scheme Damaged status Not for loan Permanent location Current location Date acquired Inventory number Full call number Barcode Date last seen Price effective from Koha item type
          Ken Walker International University Ken Walker International University 11/11/2020 340 37 L-63 340 11/11/2020 11/11/2020 Books

Powered by Koha